000 00607nam a2200217Ia 4500
003 0100
008 130303s9999 xx 000 0 und d
020 _a829402578
040 _cARRUPELIB
050 _aHQ767.3.C66 1977
100 _aConnery, John R
245 _aAbortion, the development of the Roman Catholic perspective
260 _aChicago
260 _bLoyola University Press
260 _C1977
300 _aviii
300 _b 336p. 24cm.
650 _bMan (Christian theology) Catholic church--Doctrines Christian ethics--Catholic authors
700 _aJohn R. Connery
942 0 0 _04
999 _c9792
_d9792